MARC details
| 000 -LEADER |
| fixed length control field |
05647cgm a2201033Ma 4500 |
| 001 - CONTROL NUMBER |
| control field |
on1242976596 |
| 003 - CONTROL NUMBER IDENTIFIER |
| control field |
OCoLC |
| 005 - DATE AND TIME OF LATEST TRANSACTION |
| control field |
20211013142637.0 |
| 007 - PHYSICAL DESCRIPTION FIXED FIELD--GENERAL INFORMATION |
| fixed length control field |
vd cvaizs |
| 008 - FIXED-LENGTH DATA ELEMENTS--GENERAL INFORMATION |
| fixed length control field |
140227s2013 cou356 vleng d |
| 040 ## - CATALOGING SOURCE |
| Original cataloging agency |
WIQ |
| Language of cataloging |
eng |
| Transcribing agency |
WIQ |
| Modifying agency |
OCLCO |
| -- |
OCLCF |
| -- |
WACOL |
| 024 1# - OTHER STANDARD IDENTIFIER |
| Standard number or code |
018713608796 |
| 028 42 - PUBLISHER NUMBER |
| Publisher number |
05-60879 |
| Source |
Gaiam Americas |
| 035 ## - SYSTEM CONTROL NUMBER |
| System control number |
(OCoLC)1242976596 |
| 092 ## - LOCALLY ASSIGNED DEWEY CALL NUMBER (OCLC) |
| Classification number |
DVD |
| Item number |
Fai |
| 049 ## - LOCAL HOLDINGS (OCLC) |
| Holding library |
WACL |
| 245 00 - TITLE STATEMENT |
| Title |
Faith & family holiday collection |
| Medium |
[videorecording] : |
| Remainder of title |
4 movie pack. |
| 246 3# - VARYING FORM OF TITLE |
| Title proper/short title |
Faith and family holiday collection four movie pack. |
| 250 ## - EDITION STATEMENT |
| Edition statement |
Widescreen and full screen versions. |
| 260 ## - PUBLICATION, DISTRIBUTION, ETC. (IMPRINT) |
| Place of publication, distribution, etc |
Louisville, CO : |
| Name of publisher, distributor, etc |
Gaiam Americas, |
| Date of publication, distribution, etc |
c2013. |
| 300 ## - PHYSICAL DESCRIPTION |
| Extent |
2 videodiscs (ca. 356 min.) : |
| Other physical details |
sd., col. ; |
| Dimensions |
4/34 in. |
| 500 ## - GENERAL NOTE |
| General note |
Title from container. |
| 500 ## - GENERAL NOTE |
| General note |
Originally produced as made-for-TV movies. |
| 500 ## - GENERAL NOTE |
| General note |
The Christmas shoes, The Christmas blessing and The Christmas hope based on books by Donna VanLiere. The Christmas choir is inspired by a true story. |
| 500 ## - GENERAL NOTE |
| General note |
The Christmas blessing is the sequel to The Christmas shoes. |
| 505 0# - FORMATTED CONTENTS NOTE |
| Formatted contents note |
The Christmas shoes (2002, 94 min.) -- The Christmas blessing (2005, 96 min.) -- The Christmas hope (2009, 86 min.) -- The Christmas choir (2008, 84 min.). |
| 508 ## - CREATION/PRODUCTION CREDITS NOTE |
| Creation/production credits note |
The Christmas shoes: directed by Andy Wolk ; produced by Michael Mahoney ; teleplay by Wesley Bishop ; director of photography, John Berrie ; edited by Drake Silliman ; music by, Lawarence Shragge. |
| 508 ## - CREATION/PRODUCTION CREDITS NOTE |
| Creation/production credits note |
The Christmas blessing: directed by Karen Arthur ; produced by Tom Cox ... [et al.] ; screenplay by Wesley Bishop ; director of photography, Tom Neuwirth ; editor, Bridget Durnford ; music, Lawrence Shragge. |
| 508 ## - CREATION/PRODUCTION CREDITS NOTE |
| Creation/production credits note |
The Christmas hope: directed by Norma Bailey ; produced by Ellen Rutter, Kim Todd, Karen Mayeda Vranek ; teleplay by Wesley G. Bishop ; director of photography, Mathias Herndl ; edited by Robert Lower ; music by Lawrence Shragge. |
| 508 ## - CREATION/PRODUCTION CREDITS NOTE |
| Creation/production credits note |
The Christmas choir: directed by Peter Svatek ; producer, Michael Prupas ; written by Donald Martin ; director of photography, Eric Cayla ; editor, St�ephanie Gr�egoire ; music, James Gelfand. |
| 511 1# - PARTICIPANT OR PERFORMER NOTE |
| Participant or performer note |
The Christmas shoes: Rob Lowe, Kimberly Williams. |
| 511 1# - PARTICIPANT OR PERFORMER NOTE |
| Participant or performer note |
The Christmas blessing: Neil Patrick Harris, Rebecca Gayheart, Angus T. Jones. |
| 511 1# - PARTICIPANT OR PERFORMER NOTE |
| Participant or performer note |
The Christmas hope: Madeleine Stowe, James Remar, Ian Ziering. |
| 511 1# - PARTICIPANT OR PERFORMER NOTE |
| Participant or performer note |
The Christmas choir: Jason Gedrick, Tyrone Benskin, Rhea Perlman. |
| 520 ## - SUMMARY, ETC. |
| Summary, etc |
The Christmas shoes: A workaholic attorney crosses paths with a young boy on Christmas Eve and rediscovers the true meaning of love, life and the holiday season. |
| 520 ## - SUMMARY, ETC. |
| Summary, etc |
The Christmas blessing: A young doctor's world begins to crumble after he loses a patient. |
| 520 ## - SUMMARY, ETC. |
| Summary, etc |
The Christmas hope: When lives intertwine during Christmas, hope is the only unifying gift. After suffering a personal tragedy, a social worker throws herself into finding homes for children in need. |
| 520 ## - SUMMARY, ETC. |
| Summary, etc |
The Christmas choir: Nineteen days before Christmas, accountant Peter Brockman is dumped by his fianc�ee, Jill, because of his workaholic ways and being emotionally detached from life. |
| 521 8# - TARGET AUDIENCE NOTE |
| Target audience note |
Not rated by the MPAA. |
| 538 ## - SYSTEM DETAILS NOTE |
| System details note |
DVD ; full screen presentation (The Christmas shoes; The Christmas blessing; The Christmas hope) and widescreen presentation (The Christmas choir) ; Region 1 ; Dolby digital 2.0 stereo. |
| 546 ## - LANGUAGE NOTE |
| Language note |
English audio. |
| 521 ## - TARGET AUDIENCE NOTE |
| Target audience note |
DVD |
| Source |
Donation |
| 650 #0 - SUBJECT ADDED ENTRY--TOPICAL TERM |
| Topical term or geographic name as entry element |
Families |
| Form subdivision |
Drama. |
| 9 (RLIN) |
5675607 |
| 650 #0 - SUBJECT ADDED ENTRY--TOPICAL TERM |
| Topical term or geographic name as entry element |
Lawyers |
| Geographic subdivision |
United States |
| Form subdivision |
Drama. |
| 9 (RLIN) |
5802854 |
| 650 #0 - SUBJECT ADDED ENTRY--TOPICAL TERM |
| Topical term or geographic name as entry element |
Mothers and sons |
| Form subdivision |
Drama. |
| 9 (RLIN) |
5710443 |
| 650 #0 - SUBJECT ADDED ENTRY--TOPICAL TERM |
| Topical term or geographic name as entry element |
Forgiveness |
| Form subdivision |
Drama. |
| 9 (RLIN) |
5749230 |
| 650 #0 - SUBJECT ADDED ENTRY--TOPICAL TERM |
| Topical term or geographic name as entry element |
Self-acceptance |
| Form subdivision |
Drama. |
| 9 (RLIN) |
5740553 |
| 650 #0 - SUBJECT ADDED ENTRY--TOPICAL TERM |
| Topical term or geographic name as entry element |
Man-woman relationships |
| Form subdivision |
Drama. |
| 9 (RLIN) |
5673977 |
| 650 #0 - SUBJECT ADDED ENTRY--TOPICAL TERM |
| Topical term or geographic name as entry element |
Gifts |
| Form subdivision |
Drama. |
| 9 (RLIN) |
6383443 |
| 650 #0 - SUBJECT ADDED ENTRY--TOPICAL TERM |
| Topical term or geographic name as entry element |
Conduct of life |
| Form subdivision |
Drama. |
| 9 (RLIN) |
5725708 |
| 650 #0 - SUBJECT ADDED ENTRY--TOPICAL TERM |
| Topical term or geographic name as entry element |
Homeless men |
| Form subdivision |
Drama. |
| 9 (RLIN) |
6430059 |
| 650 #0 - SUBJECT ADDED ENTRY--TOPICAL TERM |
| Topical term or geographic name as entry element |
Choirs (Music) |
| Form subdivision |
Drama. |
| 9 (RLIN) |
6376112 |
| 650 #0 - SUBJECT ADDED ENTRY--TOPICAL TERM |
| Topical term or geographic name as entry element |
Christmas films. |
| 9 (RLIN) |
97262 |
| 650 #0 - SUBJECT ADDED ENTRY--TOPICAL TERM |
| Topical term or geographic name as entry element |
Made-for-TV movies. |
| 9 (RLIN) |
99448 |
| 650 #7 - SUBJECT ADDED ENTRY--TOPICAL TERM |
| Topical term or geographic name as entry element |
Choirs (Music) |
| Source of heading or term |
fast |
| -- |
(OCoLC)fst00858366 |
| 650 #7 - SUBJECT ADDED ENTRY--TOPICAL TERM |
| Topical term or geographic name as entry element |
Christmas films. |
| Source of heading or term |
fast |
| -- |
(OCoLC)fst00859822 |
| 9 (RLIN) |
97262 |
| 650 #7 - SUBJECT ADDED ENTRY--TOPICAL TERM |
| Topical term or geographic name as entry element |
Conduct of life. |
| Source of heading or term |
fast |
| -- |
(OCoLC)fst00874563 |
| 650 #7 - SUBJECT ADDED ENTRY--TOPICAL TERM |
| Topical term or geographic name as entry element |
Families. |
| Source of heading or term |
fast |
| -- |
(OCoLC)fst01728849 |
| 650 #7 - SUBJECT ADDED ENTRY--TOPICAL TERM |
| Topical term or geographic name as entry element |
Forgiveness. |
| Source of heading or term |
fast |
| -- |
(OCoLC)fst00932854 |
| 650 #7 - SUBJECT ADDED ENTRY--TOPICAL TERM |
| Topical term or geographic name as entry element |
Gifts. |
| Source of heading or term |
fast |
| -- |
(OCoLC)fst00942628 |
| 650 #7 - SUBJECT ADDED ENTRY--TOPICAL TERM |
| Topical term or geographic name as entry element |
Homeless men. |
| Source of heading or term |
fast |
| -- |
(OCoLC)fst01201464 |
| 650 #7 - SUBJECT ADDED ENTRY--TOPICAL TERM |
| Topical term or geographic name as entry element |
Lawyers. |
| Source of heading or term |
fast |
| -- |
(OCoLC)fst00994346 |
| 650 #7 - SUBJECT ADDED ENTRY--TOPICAL TERM |
| Topical term or geographic name as entry element |
Made-for-TV movies. |
| Source of heading or term |
fast |
| -- |
(OCoLC)fst01005331 |
| 9 (RLIN) |
99448 |
| 650 #7 - SUBJECT ADDED ENTRY--TOPICAL TERM |
| Topical term or geographic name as entry element |
Man-woman relationships. |
| Source of heading or term |
fast |
| -- |
(OCoLC)fst01007080 |
| 650 #7 - SUBJECT ADDED ENTRY--TOPICAL TERM |
| Topical term or geographic name as entry element |
Mothers and sons. |
| Source of heading or term |
fast |
| -- |
(OCoLC)fst01027007 |
| 650 #7 - SUBJECT ADDED ENTRY--TOPICAL TERM |
| Topical term or geographic name as entry element |
Self-acceptance. |
| Source of heading or term |
fast |
| -- |
(OCoLC)fst01111471 |
| 651 #7 - SUBJECT ADDED ENTRY--GEOGRAPHIC NAME |
| Geographic name |
United States. |
| Source of heading or term |
fast |
| -- |
(OCoLC)fst01204155 |
| 655 #7 - INDEX TERM--GENRE/FORM |
| Genre/form data or focus term |
Drama. |
| Source of term |
fast |
| -- |
(OCoLC)fst01423879 |
| 700 1# - ADDED ENTRY--PERSONAL NAME |
| Personal name |
Wolk, Andy. |
| 9 (RLIN) |
58155 |
| 700 1# - ADDED ENTRY--PERSONAL NAME |
| Personal name |
Lowe, Rob. |
| 9 (RLIN) |
15380 |
| 700 1# - ADDED ENTRY--PERSONAL NAME |
| Personal name |
Williams-Paisley, Kimberly, |
| Dates associated with a name |
1971- |
| 9 (RLIN) |
6211999 |
| 700 1# - ADDED ENTRY--PERSONAL NAME |
| Personal name |
Arthur, Karen. |
| 9 (RLIN) |
66549 |
| 700 1# - ADDED ENTRY--PERSONAL NAME |
| Personal name |
Harris, Neil Patrick, |
| Dates associated with a name |
1973- |
| 9 (RLIN) |
60129 |
| 700 1# - ADDED ENTRY--PERSONAL NAME |
| Personal name |
Jones, Angus T. |
| 9 (RLIN) |
5805300 |
| 700 1# - ADDED ENTRY--PERSONAL NAME |
| Personal name |
Bailey, Norma, |
| Dates associated with a name |
1949- |
| 9 (RLIN) |
5976836 |
| 700 1# - ADDED ENTRY--PERSONAL NAME |
| Personal name |
Stowe, Madeleine. |
| 9 (RLIN) |
62000 |
| 700 1# - ADDED ENTRY--PERSONAL NAME |
| Personal name |
Remar, James. |
| 9 (RLIN) |
25945 |
| 700 1# - ADDED ENTRY--PERSONAL NAME |
| Personal name |
Ziering, Ian, |
| Dates associated with a name |
1964- |
| 9 (RLIN) |
71204 |
| 700 1# - ADDED ENTRY--PERSONAL NAME |
| Personal name |
Svatek, Peter. |
| 9 (RLIN) |
6198940 |
| 700 1# - ADDED ENTRY--PERSONAL NAME |
| Personal name |
Gedrick, Jason, |
| Dates associated with a name |
1965- |
| 9 (RLIN) |
65022 |
| 700 1# - ADDED ENTRY--PERSONAL NAME |
| Personal name |
Benskin, Tyrone. |
| 9 (RLIN) |
6198942 |
| 700 1# - ADDED ENTRY--PERSONAL NAME |
| Personal name |
Perlman, Rhea. |
| 9 (RLIN) |
70665 |
| 710 2# - ADDED ENTRY--CORPORATE NAME |
| Corporate name or jurisdiction name as entry element |
Gaiam Americas, Inc. |
| 9 (RLIN) |
5715731 |
| 740 02 - ADDED ENTRY--UNCONTROLLED RELATED/ANALYTICAL TITLE |
| Uncontrolled related/analytical title |
Christmas shoes. |
| 740 02 - ADDED ENTRY--UNCONTROLLED RELATED/ANALYTICAL TITLE |
| Uncontrolled related/analytical title |
Christmas blessing. |
| 740 02 - ADDED ENTRY--UNCONTROLLED RELATED/ANALYTICAL TITLE |
| Uncontrolled related/analytical title |
Christmas hope. |
| 740 02 - ADDED ENTRY--UNCONTROLLED RELATED/ANALYTICAL TITLE |
| Uncontrolled related/analytical title |
Christmas choir. |
| 994 ## - |
| -- |
C0 |
| -- |
WACOL |